Automobily 1.-2. Učebnica pre OU a UŠ, učebný odbor 0451 - automechanik, karosér, vulkanizér - 1.-2. ročník

Uložené v:
Podrobná bibliografia
Hlavný autor: Pilárik, Milan (Author)
Médium: Kniha
Jazyk:Slovak
Vydané: Bratislava : Alfa, 1970.
Vydanie:1. vyd.
Edícia:Edícia strojárskej literatúry
ISBN: (viaz.)
Fyzický popis: 274 s.
Tagy: Pridať tag
Žiadne tagy, Buďte prvý kto otaguje tento záznam!

MARC

LEADER 00000nam a2200000 a 4500
001 000098607
005 20091003180650.0
008 060911s1970 xo slo d
020 |a (viaz.) 
040 |a SVKKK  |b slo  |c SVKKK  |e AACR2 
041 0 |a slo 
044 |a xo  |c SK 
100 1 |a Pilárik, Milan  |4 aut 
245 1 0 |a Automobily  |n 1.-2.  |p Učebnica pre OU a UŠ, učebný odbor 0451 - automechanik, karosér, vulkanizér - 1.-2. ročník  |c Milan Pilárik. 
246 3 0 |a Učebnica pre OU a UŠ, učebný odbor 0451 - automechanik, karosér, vulkanizér - 1.-2. ročník 
250 |a 1. vyd. 
260 |a Bratislava :  |b Alfa,  |c 1970. 
300 |a 274 s. 
490 1 |a Edícia strojárskej literatúry 
910 |a svkkk 
998 |a BK 
090 |g SCKHL  |k Sklad Pribinova 2. posch.  |a II.181927  |j 462527  |i 2720174765  |s Absenčne